[Event "Mighty Mauler"]
[Site "SchemingMind.com"]
[Date "2015.11.10"]
[Round "-"]
[White "emvarela"]
[Black "Simon Green"]
[Result "1-0"]
[WhiteCountry "ARG"]
[BlackCountry "ENG"]
[WhiteElo "1720"]
[WhiteRD "49"]
[BlackElo "1597"]
[BlackRD "61"]
[GameID "389827"]

1. e4 e6 2. d4 d5 3. Nc3 c5 4. Nf3 Nf6 5. Bd3 c4 6. Be2 Be7 7. exd5 exd5 8. O-O O-O 9. Be3 Nc6 10. a3 Be6
11. Ne5 Nxe5 12. dxe5 Nd7 13. f4 f5 14. Nxd5 Bc5 15. Bxc5 Nxc5 16. Bf3 Rc8 17. Nc3 Qxd1 18. Raxd1 Rcd8 19. Rxd8 Rxd8 20. Rd1 Rxd1+
21. Bxd1 a6 22. Bf3 b5 23. Bd5 Kf7 24. Bxe6+ Kxe6 25. Kf2 g6 26. Ke3 Nd7 27. g3 h6 28. Kd4 g5 29. Nd5 g4 30. Nc7+ Ke7
31. Nxa6
1-0

[Event "Mighty Mauler"]
[Site "SchemingMind.com"]
[Date "2015.11.10"]
[Round "-"]
[White "Simon Green"]
[Black "emvarela"]
[Result "0-1"]
[WhiteCountry "ENG"]
[BlackCountry "ARG"]
[WhiteElo "1616"]
[WhiteRD "56"]
[BlackElo "1684"]
[BlackRD "47"]
[GameID "389828"]

1. d4 Nf6 2. e3 d5 3. Bd3 e6 4. f4 c5 5. c3 c4 6. Bc2 Nc6 7. Nf3 h6 8. O-O Be7 9. Nbd2 O-O 10. Ne5 Nxe5
11. fxe5 Nd7 12. e4 f6 13. exf6 Rxf6 14. e5 Rxf1+ 15. Qxf1 Qf8 16. Qxf8+ Nxf8 17. Nf3 b5 18. Bd2 a5 19. Rf1 Bd7 20. h3 b4
21. g3 Be8 22. Nh2 bxc3 23. Bxc3 Bb4 24. Rf3 Ra7 25. a3 Bxc3 26. bxc3 Rf7 27. Rxf7 Bxf7 28. a4 Nd7 29. Nf3 Nb6 30. Nd2 Be8
31. Kf2 Bxa4 32. Bxa4 Nxa4 33. Nb1 Kf7 34. Kf3 Kg6 35. Kg4 Nb2 36. h4 h5+ 37. Kf3 Kf5 38. Na3 g5 39. Nc2 Nd1 40. hxg5 Kxg5
41. Ke2 Nxc3+ 42. Kf3 Nb5 43. Kg2 a4 44. Kf3 a3
0-1

[Event "Mighty Mauler"]
[Site "SchemingMind.com"]
[Date "2015.11.06"]
[Round "-"]
[White "Scooter"]
[Black "Simon Green"]
[Result "1-0"]
[WhiteCountry "USA"]
[BlackCountry "ENG"]
[WhiteElo "1717"]
[WhiteRD "47"]
[BlackElo "1590"]
[BlackRD "60"]
[GameID "389829"]

1. d4 e6 2. Nf3 d5 3. Bf4 c5 4. c3 c4 5. e3 Nf6 6. Be2 Be7 7. O-O O-O 8. Nbd2 Nc6 9. h3 b5 10. Ne5 Nxe5
11. Bxe5 Nd7 12. Nf3 f6 13. Bg3 a5 14. Qc2 f5 15. Ne5 Nxe5 16. Bxe5 Bd6 17. b3 Bxe5 18. dxe5 Qc7 19. f4 Bb7 20. bxc4 dxc4
21. Bf3 Bxf3 22. Rxf3 Qc5 23. Rd1 Rfd8 24. Kf1 Rd5 25. Rxd5 Qxd5 26. Rf2 Rd8 27. Ke1 h6 28. Rd2 Qxd2+ 29. Qxd2 Rxd2 30. Kxd2 Kf7
31. Kc2 Kg6 32. a3 Kh5 33. g3 g5 34. a4 bxa4 35. Kb2 g4 36. h4 Kg6 37. Ka3 Kf7 38. Kxa4 Ke7 39. Kxa5 Kd7 40. Kb5 h5
41. Kxc4 Kc6 42. Kd4 Kb5 43. c4+ Kc6 44. e4 Kd7 45. exf5 exf5 46. Kd5
1-0

[Event "Mighty Mauler"]
[Site "SchemingMind.com"]
[Date "2015.11.06"]
[Round "-"]
[White "Simon Green"]
[Black "Scooter"]
[Result "1-0"]
[WhiteCountry "ENG"]
[BlackCountry "USA"]
[WhiteElo "1582"]
[WhiteRD "58"]
[BlackElo "1707"]
[BlackRD "48"]
[GameID "389830"]

1. d4 Nf6 2. e3 g6 3. Bd3 Bg7 4. f4 O-O 5. Nf3 d6 6. O-O Bg4 7. Nbd2 Nbd7 8. Qe1 Bxf3 9. Nxf3 Re8 10. c3 e5
11. fxe5 dxe5 12. Bc2 exd4 13. cxd4 b6 14. Bd2 Ne4 15. Bxe4 Rb8 16. Bc6 Re6 17. d5 Re7 18. e4 Bxb2 19. Rb1 Bd4+ 20. Nxd4 Nc5
21. Bg5
1-0

[Event "Mighty Mauler"]
[Site "SchemingMind.com"]
[Date "2015.11.06"]
[Round "-"]
[White "kenneth m day"]
[Black "Simon Green"]
[Result "0-1"]
[WhiteCountry "USA"]
[BlackCountry "ENG"]
[WhiteElo "1698"]
[WhiteRD "51"]
[BlackElo "1639"]
[BlackRD "60"]
[GameID "389831"]

1. e4 e6 2. d4 d5 3. e5 c5 4. c3 c4 5. Qg4 g6 6. Nf3 f5 7. exf6 Nxf6 8. Qh4 Be7 9. Bg5 O-O 10. Ne5 Nbd7
11. Nd2 b5 12. Ndf3 b4 13. Be2 bxc3 14. bxc3 Nxe5 15. Nxe5 Qa5 16. Kd2 Ne4+ 17. Kd1 Bxg5 18. Qh3 Nxf2+
0-1

[Event "Mighty Mauler"]
[Site "SchemingMind.com"]
[Date "2015.11.06"]
[Round "-"]
[White "Simon Green"]
[Black "kenneth m day"]
[Result "1-0"]
[WhiteCountry "ENG"]
[BlackCountry "USA"]
[WhiteElo "1639"]
[WhiteRD "60"]
[BlackElo "1698"]
[BlackRD "51"]
[GameID "389832"]

1. d4 d5 2. e3 Bf5 3. f4 Nf6 4. Nf3 c5 5. c3 Nc6 6. Nbd2 h6 7. Ne5 Nxe5 8. fxe5 Ne4 9. Nxe4 Bxe4 10. Qa4+ Qd7
11. Bb5 O-O-O 12. Bxd7+ Rxd7 13. O-O b6 14. Qc6+ Rc7 15. Qe8+ Kb7 16. Rxf7 Rc8 17. Qb5 Rc7 18. Bd2 a6 19. Qb3 c4 20. Qd1 g5
21. Qg4 Bg6 22. Rf2 Rh7 23. Rxf8
1-0

[Event "Mighty Mauler"]
[Site "SchemingMind.com"]
[Date "2015.11.11"]
[Round "-"]
[White "smothered mate"]
[Black "JAHI"]
[Result "0-1"]
[WhiteCountry "POL"]
[BlackCountry "INT"]
[WhiteElo "1939"]
[WhiteRD "65"]
[BlackElo "1998"]
[BlackRD "84"]
[GameID "390166"]

1. e4 g6 2. f4 Bg7 3. Nf3 e6 4. Be2 Qe7 5. O-O a6 6. d4 h6 7. Be3 b6 8. Nc3 Bb7 9. Qd2 d6 10. Rae1 Nd7
11. f5 Rd8 12. fxg6 fxg6 13. g3 Nf8 14. Nh4 Nf6 15. Bd3 g5 16. e5 gxh4 17. exf6 Bxf6 18. d5 hxg3 19. hxg3 Rg8 20. Bxh6 Rxg3+
21. Kh2 Be5 22. Rxf8+ Kd7 23. Rxd8+ Qxd8 24. dxe6+ Kc8 25. e7 Qxe7 26. Bf5+ Kb8 27. Bh3 Rg5+
0-1

[Event "Mighty Mauler"]
[Site "SchemingMind.com"]
[Date "2015.11.11"]
[Round "-"]
[White "JAHI"]
[Black "smothered mate"]
[Result "1-0"]
[WhiteCountry "INT"]
[BlackCountry "POL"]
[WhiteElo "1998"]
[WhiteRD "84"]
[BlackElo "1939"]
[BlackRD "65"]
[GameID "390167"]

1. b3 f5 2. Bb2 e6 3. e3 Nf6 4. Qe2 Be7 5. a3 O-O 6. d3 d5 7. Nd2 c6 8. g3 Bd7 9. Bg2 Be8 10. Qf1 Nbd7
11. Ne2 Rc8 12. h3 b5 13. Rg1 Nb6 14. g4 fxg4 15. hxg4 Bg6 16. Bh3 Qd6 17. Ng3 Nfd7 18. Nh5 Bf6 19. Bxf6 Nxf6 20. Qg2 Qe5
21. d4 Qg5 22. Nf3 Qh6 23. Nf4 Be4 24. g5 Bxf3 25. Qxf3 Qh4 26. Bxe6+ Kh8 27. Qh1 Qxh1 28. Rxh1 h5 29. gxf6 Rxf6 30. Rxh5+ Rh6
31. Rxh6+ gxh6 32. Bxc8
1-0

[Event "Mighty Mauler"]
[Site "SchemingMind.com"]
[Date "2015.11.16"]
[Round "-"]
[White "pnwmusichound"]
[Black "JAHI"]
[Result "0-1"]
[WhiteCountry "USA"]
[BlackCountry "INT"]
[WhiteElo "1942"]
[WhiteRD "84"]
[BlackElo "2075"]
[BlackRD "54"]
[GameID "390168"]

1. e4 g6 2. d4 Bg7 3. c4 e6 4. Nc3 Qh4 5. Nf3 Qe7 6. Bd3 h6 7. O-O a6 8. c5 b6 9. cxb6 cxb6 10. Be3 Bb7
11. Rc1 b5 12. Qb3 Nc6 13. Rfe1 g5 14. d5 Nd8 15. e5 g4 16. d6 Qf8 17. Nh4 Bxe5 18. a4 Qxd6 19. Red1 Bxh2+ 20. Kh1 Qb8
21. Be4 Bxe4 22. Nxe4 Bf4 23. axb5 Bxe3 24. Qxe3 axb5 25. Qd4 Rh7 26. Qxd7+ Kf8 27. Ng6+ Kg7 28. Ne7 Qe5 29. Nd6 Nxe7 30. Qxe7 Rh8
31. Re1 Qxb2 32. g3 Qf6 33. Ne8+ Rxe8 34. Qxe8 Qxf2 35. Rf1 Qxg3 36. Rc2 Qh3+ 37. Kg1 Qe3+ 38. Rff2 Ra1+
0-1

[Event "Mighty Mauler"]
[Site "SchemingMind.com"]
[Date "2015.11.16"]
[Round "-"]
[White "JAHI"]
[Black "pnwmusichound"]
[Result "1-0"]
[WhiteCountry "INT"]
[BlackCountry "USA"]
[WhiteElo "2075"]
[WhiteRD "54"]
[BlackElo "1942"]
[BlackRD "84"]
[GameID "390169"]

1. g3 e5 2. Bg2 d5 3. e3 Nf6 4. h3 Be6 5. Qe2 a6 6. a3 Bd6 7. d3 O-O 8. b3 c5 9. Bb2 Nc6 10. Nd2 Rc8
11. g4 Re8 12. g5 Nd7 13. h4 g6 14. Nh3 b5 15. c3 c4 16. Rc1 cxd3 17. Qxd3 e4 18. Qc2 Nde5 19. Nf4 Bf5 20. Bh3 Qd7
21. Nxd5 Be7 22. Nxe7+ Rxe7 23. Bf1 Nf3+ 24. Nxf3 exf3 25. Qd1 Ne5 26. Qxd7 Rxd7 27. h5 Rcd8 28. c4 Nd3+ 29. Bxd3 Bxd3 30. Bf6 Rc8
31. c5 Be2 32. hxg6 fxg6 33. Bd4 Rd5 34. Rg1 Kf7 35. Kd2 a5 36. Rg4 h5 37. gxh6 Rh8 38. c6 b4 39. c7 Ba6 40. Rf4+ Ke7
41. Rc6 Bb7 42. Rxg6 bxa3 43. Rg7+ Ke8 44. h7 a2 45. Re4+ Kf8 46. Rg8+ Rxg8 47. Rf4+ Ke7 48. hxg8=Q Rxd4+ 49. exd4 a1=Q 50. Qf7+ Kd6
51. Rf6#
1-0

[Event "Mighty Mauler"]
[Site "SchemingMind.com"]
[Date "2015.11.16"]
[Round "-"]
[White "emvarela"]
[Black "JAHI"]
[Result "0-1"]
[WhiteCountry "ARG"]
[BlackCountry "INT"]
[WhiteElo "1684"]
[WhiteRD "47"]
[BlackElo "2075"]
[BlackRD "54"]
[GameID "390170"]

1. e4 g6 2. d4 Bg7 3. c4 e6 4. Nc3 Qh4 5. Nf3 Qe7 6. Be3 h6 7. Bd3 g5 8. h3 a6 9. Qb3 b6 10. O-O Nc6
11. Rfe1 Rb8 12. d5 Ne5 13. Nxe5 Bxe5 14. Ne2 c6 15. Bd4 Qf6 16. Bxe5 Qxe5 17. dxe6 fxe6 18. Qc3 Qxc3 19. Nxc3 Ne7 20. b4 Rf8
21. f3 a5 22. bxa5 bxa5 23. Rab1 Rxb1 24. Rxb1 Ng6 25. Kf2 Ba6 26. Rb8+ Ke7 27. Rxf8 Kxf8 28. Na4 Ne5 29. Ke3 Bxc4 30. Bxc4 Nxc4+
31. Kd4 Na3 32. Nc5 Nb5+ 33. Kc4 Ke7 34. Nb3 Nd6+ 35. Kc5 a4 36. Nd4 Nf7 37. Kb4 Kd6 38. Kxa4 c5 39. Ne2 Kc6 40. g3 d6
41. f4 d5 42. exd5+ exd5 43. f5 Nd6 44. g4 d4 45. Kb3 Kd5 46. a4 Nb7 47. Ng3 Na5+ 48. Kc2 c4 49. Nh5 c3 50. Nf6+ Kc4
51. Ne4 d3+
0-1

[Event "Mighty Mauler"]
[Site "SchemingMind.com"]
[Date "2015.11.16"]
[Round "-"]
[White "JAHI"]
[Black "emvarela"]
[Result "1-0"]
[WhiteCountry "INT"]
[BlackCountry "ARG"]
[WhiteElo "2075"]
[WhiteRD "54"]
[BlackElo "1684"]
[BlackRD "47"]
[GameID "390171"]

1. g3 d5 2. Bg2 e5 3. e3 Nf6 4. Qe2 c6 5. h3 Bd6 6. g4 h6 7. Qf1 e4 8. Ne2 Be6 9. f3 exf3 10. Bxf3 g5
11. Qg2 Nbd7 12. Rf1 Qe7 13. a3 O-O-O 14. d3 h5 15. Nd2 hxg4 16. Bxg4 Nxg4 17. hxg4 Rh2 18. Qg1 Rdh8 19. Nf3 R2h7 20. e4 f6
21. Be3 c5 22. Rc1 dxe4 23. dxe4 Bc4 24. Nd2 Bxe2 25. Kxe2 Qe5 26. Kd1 Qg3 27. Qxg3 Bxg3 28. c3 Ne5 29. Nf3 Rd8+ 30. Kc2 Nxg4
31. Bxc5 Bf4 32. Rh1 Rxh1 33. Rxh1 Ne3+ 34. Bxe3 Bxe3 35. Re1 Bf4 36. Rh1 Re8 37. Rh6 Rxe4 38. Rxf6 Re2+ 39. Kb1 Rf2 40. Nxg5 Be3
41. Rxf2 Bxf2 42. Kc2 Be3 43. Nf3 Kc7 44. Nd4 a6 45. a4 Kb6 46. Kd3 Bg1 47. b3 Kc5 48. Nf3
1-0

[Event "Mighty Mauler"]
[Site "SchemingMind.com"]
[Date "2015.11.11"]
[Round "-"]
[White "Scooter"]
[Black "JAHI"]
[Result "1-0"]
[WhiteCountry "USA"]
[BlackCountry "INT"]
[WhiteElo "1696"]
[WhiteRD "46"]
[BlackElo "1746"]
[BlackRD "130"]
[GameID "390172"]

1. d4 g6 2. Nf3 Bg7 3. Bf4 h6 4. e3 e6 5. Be2 a6 6. O-O d6 7. h3 Qe7 8. Nbd2 b6 9. Rc1 Bb7 10. c4 Nd7
11. a3 Qf8 12. b4 Ne7 13. Nb3 Rg8 14. c5 e5 15. dxe5 dxe5 16. Bg3 Rd8 17. Qc2 g5 18. cxb6 cxb6 19. Qc7 Bd5 20. Nbd2 e4
21. Ne5 Nxe5 22. Bxe5 Bxe5 23. Qxe5 b5 24. Nxe4 Rg6 25. Nf6+ Rxf6 26. Qxf6 Ng6 27. Rc5 Be6 28. Bf3 Qe7 29. Qg7 Qf8 30. Bc6+ Bd7
31. Bxd7+ Rxd7 32. Rc8+ Rd8 33. Rxd8+ Kxd8 34. Rd1+ Ke8 35. Qxf8+ Kxf8 36. Rd6
1-0

[Event "Mighty Mauler"]
[Site "SchemingMind.com"]
[Date "2015.11.11"]
[Round "-"]
[White "JAHI"]
[Black "Scooter"]
[Result "1-0"]
[WhiteCountry "INT"]
[BlackCountry "USA"]
[WhiteElo "1824"]
[WhiteRD "272"]
[BlackElo "1707"]
[BlackRD "48"]
[GameID "390173"]

1. g3 Nf6 2. Bg2 g6 3. e3 Bg7 4. Qe2 O-O 5. a3 d5 6. h3 Nbd7 7. b3 c5 8. Bb2 b6 9. d3 Bb7 10. Nd2 Rb8
11. Qf1 e5 12. Rd1 d4 13. e4 Qc7 14. Ne2 Rfe8 15. Rh2 b5 16. Qh1 Nb6 17. Bc1 c4 18. g4 cxd3 19. cxd3 Qc2 20. Ng3 Qxd3
21. Bf1 Qc3 22. Bxb5 Bc6 23. Bxc6 Qxc6 24. g5 Nfd7 25. h4 Nc5 26. Qf1 Nxb3 27. Nxb3 Qc3+ 28. Nd2 Nc4 29. Qxc4 Qxc4 30. Nxc4
1-0

[Event "Mighty Mauler"]
[Site "SchemingMind.com"]
[Date "2015.11.11"]
[Round "-"]
[White "kenneth m day"]
[Black "JAHI"]
[Result "0-1"]
[WhiteCountry "USA"]
[BlackCountry "INT"]
[WhiteElo "1702"]
[WhiteRD "51"]
[BlackElo "1998"]
[BlackRD "84"]
[GameID "390174"]

1. e4 g6 2. d4 Bg7 3. Nc3 e6 4. Nf3 h6 5. Be3 a6 6. Qd2 Qe7 7. Be2 d6 8. O-O-O b6 9. Rhe1 Bb7 10. d5 e5
11. h3 Nd7 12. Nh2 Qf8 13. f4 Ne7 14. fxe5 Nxe5 15. Ng4 Rh7 16. Rf1 Qh8 17. Nf6+ Bxf6 18. Bd4 Bg5 19. Be3 Bxe3 20. Qxe3 Rc8
21. Qg3 c6 22. dxc6 Rxc6 23. Nd5 Nxd5 24. exd5 Rc5 25. Qb3 b5 26. a4 Ke7 27. axb5 axb5 28. Bxb5 Qa8 29. Kb1 Bxd5 30. Qb4 Qa2+
31. Kc1 Bb3 32. Rf2 Bxc2 33. Rxc2 Qa1+ 34. Kd2 Rd5+ 35. Ke3 Qxd1 36. Rc3 Qe1+ 37. Kf4 Nd3+
0-1

[Event "Mighty Mauler"]
[Site "SchemingMind.com"]
[Date "2015.11.11"]
[Round "-"]
[White "JAHI"]
[Black "kenneth m day"]
[Result "1-0"]
[WhiteCountry "INT"]
[BlackCountry "USA"]
[WhiteElo "1998"]
[WhiteRD "84"]
[BlackElo "1702"]
[BlackRD "51"]
[GameID "390175"]

1. g3 d5 2. Bg2 Nf6 3. h3 e5 4. e3 Bf5 5. a3 Bd6 6. d3 Nc6 7. Qe2 Qd7 8. b3 O-O 9. Bb2 Rfe8 10. Nd2 Rac8
11. Qf1 Ne7 12. Ne2 c5 13. Rg1 b5 14. g4 Bg6 15. h4 h6 16. Bh3 Qc6 17. g5 hxg5 18. hxg5 Nh5 19. Bxc8 Nxc8 20. Ng3 Ne7
21. Qh3 Nxg3 22. Rxg3 Nf5 23. Rg4 a5 24. Rc1 d4 25. c3 dxe3 26. fxe3 Qd5 27. e4 Qe6 28. Ke2 Ne7 29. Rh4 Qxh3 30. Rxh3 f6
31. gxf6 gxf6 32. a4 Kg7 33. axb5 Ng8 34. Nc4 Bc7 35. b6 Bb8 36. Rg1 Ne7 37. Ba3 Rc8 38. b7 Rc7 39. Nd6 Rd7 40. Nf5+ Kf7
41. Nxe7 Rxe7 42. Rh6
1-0

[Event "Mighty Mauler"]
[Site "SchemingMind.com"]
[Date "2015.11.12"]
[Round "-"]
[White "Simon Green"]
[Black "JAHI"]
[Result "0-1"]
[WhiteCountry "ENG"]
[BlackCountry "INT"]
[WhiteElo "1597"]
[WhiteRD "61"]
[BlackElo "1998"]
[BlackRD "84"]
[GameID "390176"]

1. d4 g6 2. e3 Bg7 3. Bd3 e6 4. f4 Qh4+ 5. g3 Qe7 6. Nf3 a6 7. O-O h6 8. Nbd2 b6 9. Ne5 d6 10. Nef3 Bb7
11. Qe1 Nd7 12. c3 Qf8 13. e4 Ne7 14. Kg2 Rg8 15. h4 Bh8 16. Nc4 f6 17. Kh3 Qf7 18. Ne3 Nf8 19. Ng4 Qh7 20. f5 g5
21. hxg5 hxg5+ 22. Kg2 exf5 23. Rh1 fxg4 24. Rxh7 gxf3+ 25. Kxf3 Nxh7 26. d5 Rc8 27. Bd2 g4+ 28. Kg2 Ng5 29. Qf1 Nf3 30. Bf4 Ra8
31. Qh1 Kd7 32. Qh5 Raf8 33. Rh1 f5 34. exf5 Nxd5 35. f6 Nxf6 36. Qf5+ Kd8
0-1

[Event "Mighty Mauler"]
[Site "SchemingMind.com"]
[Date "2015.11.13"]
[Round "-"]
[White "JAHI"]
[Black "Simon Green"]
[Result "1-0"]
[WhiteCountry "INT"]
[BlackCountry "ENG"]
[WhiteElo "1746"]
[WhiteRD "130"]
[BlackElo "1639"]
[BlackRD "60"]
[GameID "390177"]

1. g3 e6 2. Bg2 d5 3. e3 c5 4. Qh5 Nf6 5. Qe2 Nc6 6. a3 Be7 7. b3 O-O 8. Bb2 b6 9. d3 Bb7 10. Nd2 Rc8
11. h3 d4 12. e4 Ne5 13. Qf1 a5 14. Ne2 Qd7 15. Rg1 b5 16. Rd1 b4 17. f3 Qb5 18. f4 Nc6 19. a4 Qb6 20. Bf3 e5
21. f5 Nd7 22. h4 f6 23. g4 Nd8 24. Qh3 Nf7 25. Nf1 Rc7 26. Bc1 Re8 27. g5 Kf8 28. g6 hxg6 29. fxg6 Nh8 30. h5 Bc8
31. h6 gxh6 32. Qxh6+
1-0

[Event "Mighty Mauler"]
[Site "SchemingMind.com"]
[Date "2015.11.11"]
[Round "-"]
[White "Hagel"]
[Black "JAHI"]
[Result "0-1"]
[WhiteCountry "POL"]
[BlackCountry "INT"]
[WhiteElo "1520"]
[WhiteRD "69"]
[BlackElo "1855"]
[BlackRD "150"]
[GameID "390178"]

1. e4 g6 2. f4 Bg7 3. c3 e6 4. Nf3 Qe7 5. d3 h6 6. Be2 b6 7. O-O Bb7 8. Na3 a6 9. Nc2 d6 10. a4 Nd7
11. Ne3 Qf8 12. Qc2 Ne7 13. d4 Rg8 14. e5 g5
0-1

[Event "Mighty Mauler"]
[Site "SchemingMind.com"]
[Date "2015.11.11"]
[Round "-"]
[White "JAHI"]
[Black "Hagel"]
[Result "1-0"]
[WhiteCountry "INT"]
[BlackCountry "POL"]
[WhiteElo "1855"]
[WhiteRD "150"]
[BlackElo "1520"]
[BlackRD "69"]
[GameID "390179"]

1. b3 e5 2. Bb2 d6 3. e3 f5 4. Qh5+ g6 5. Qe2 Bg7 6. d3 Nf6 7. h3 O-O 8. Nd2 c6 9. a3 Be6 10. Rd1 Qc7
11. g3 d5 12. Bg2 e4 13. Qf1
1-0

[Event "Mighty Mauler"]
[Site "SchemingMind.com"]
[Date "2015.11.24"]
[Round "-"]
[White "echecs"]
[Black "smothered mate"]
[Result "0-1"]
[WhiteCountry "ENG"]
[BlackCountry "POL"]
[WhiteElo "1903"]
[WhiteRD "67"]
[BlackElo "1959"]
[BlackRD "71"]
[GameID "390559"]

1. e4 e6 2. d4 d5 3. Nc3 Bb4 4. e5 c5 5. Ne2 Nc6 6. a3 Ba5 7. Bf4 cxd4 8. Nxd4 Bxc3+ 9. bxc3 Nge7 10. Bb5 O-O
11. Qg4 Ng6 12. Nxc6 bxc6 13. Bxc6 Qc7 14. Bxa8 Qxc3+ 15. Ke2 Ba6+ 16. Kd1 Qxa1+ 17. Bc1 Rxa8 18. f4 Qd4+ 19. Bd2 Rb8
0-1

[Event "Mighty Mauler"]
[Site "SchemingMind.com"]
[Date "2015.11.24"]
[Round "-"]
[White "smothered mate"]
[Black "echecs"]
[Result "0-1"]
[WhiteCountry "POL"]
[BlackCountry "ENG"]
[WhiteElo "1959"]
[WhiteRD "71"]
[BlackElo "1903"]
[BlackRD "67"]
[GameID "390560"]

1. e4 e5 2. Nf3 Nc6 3. Nc3 Nf6 4. Nxe5 Nxe5 5. d4 Ng6 6. e5 Ng8 7. Bc4 d6 8. Qf3 Qd7 9. O-O c6 10. exd6 Bxd6
11. Re1+ Kf8 12. Ne4 f6 13. Bh6 Nxh6 14. Nxf6 gxf6 15. Qxf6+ Nf7 16. Bxf7 Qxf7 17. Qxd6+ Kg7 18. h4 h5 19. Re3 Bg4 20. Rae1 Rae8
21. b3 Rxe3 22. Rxe3 Re8 23. Rg3 Re6 24. Qd8 Re1+ 25. Kh2 Qxf2 26. Qc7+ Kh6 27. Rxg4 hxg4 28. Qd8 Qf4+
0-1

[Event "Mighty Mauler"]
[Site "SchemingMind.com"]
[Date "2015.11.24"]
[Round "-"]
[White "echecs"]
[Black "pnwmusichound"]
[Result "0-1"]
[WhiteCountry "ENG"]
[BlackCountry "USA"]
[WhiteElo "1869"]
[WhiteRD "67"]
[BlackElo "1953"]
[BlackRD "85"]
[GameID "390561"]

1. e4 e5 2. Nf3 Nf6 3. Bc4 Nxe4 4. Nxe5 Qf6 5. Nf3 Bc5 6. O-O O-O 7. Be2 d5 8. d4 Bd6 9. Nbd2 Nc6 10. c3 Qg6
11. g3 Bh3 12. Re1 Bxg3 13. fxg3 Nxg3 14. Bb5 Ne4+
0-1

[Event "Mighty Mauler"]
[Site "SchemingMind.com"]
[Date "2015.11.24"]
[Round "-"]
[White "pnwmusichound"]
[Black "echecs"]
[Result "1-0"]
[WhiteCountry "USA"]
[BlackCountry "ENG"]
[WhiteElo "1942"]
[WhiteRD "84"]
[BlackElo "1793"]
[BlackRD "64"]
[GameID "390562"]

1. e4 e5 2. d4 exd4 3. Bc4 Nc6 4. Nf3 Be7 5. Nxd4 d6 6. Nxc6 bxc6 7. O-O Be6 8. Bxe6 fxe6 9. Qg4 Bf6 10. Qxe6+ Ne7
11. Be3 Bxb2 12. Nd2 Bxa1 13. Rxa1 Qd7 14. Qxd7+ Kxd7 15. Rd1 h6 16. f4 a6 17. Nc4 Rhe8 18. Kf2 Kc8 19. Kf3 Rf8 20. h4 Kb7
21. Rb1+ Kc8 22. g4 Ng6 23. Kg3 Rb8 24. Rb3 Rxb3 25. axb3 c5 26. h5 Ne7 27. g5 hxg5 28. fxg5 Kd7 29. g6 c6 30. Kg4 Ke6
31. Bf4 d5 32. exd5+ cxd5 33. Nd6 d4 34. Nb7 Rc8 35. Kg5 Nd5 36. Bd6 c4 37. bxc4 Rxc4 38. Bf8 Rc7 39. Nd8+ Kd7 40. Nf7 Rxc2
41. Bxg7 Rd2 42. h6 Rg2+ 43. Kh4 Rxg6 44. Ne5+ Ke6 45. Nxg6 Kf7 46. Kg5 Kg8 47. Bxd4 a5 48. Nf4 Ne7 49. Bf6 Nc8 50. Kg6
1-0

[Event "Mighty Mauler"]
[Site "SchemingMind.com"]
[Date "2015.11.24"]
[Round "-"]
[White "echecs"]
[Black "emvarela"]
[Result "1-0"]
[WhiteCountry "ENG"]
[BlackCountry "ARG"]
[WhiteElo "1846"]
[WhiteRD "68"]
[BlackElo "1720"]
[BlackRD "49"]
[GameID "390563"]

1. e4 e5 2. Nf3 Nc6 3. Bc4 Bc5 4. O-O Nf6 5. Nc3 d6 6. a3 h6 7. h3 Be6 8. Bxe6 fxe6 9. d3 Qd7 10. Na4 Bb6
11. Nxb6 axb6 12. c3 d5 13. Qc2 d4 14. c4 O-O 15. Bd2 Ne7 16. Nxe5 Qd6 17. f4 c5 18. Qb3 Ra6 19. Qd1 Nd7 20. Ng4 e5
21. f5 Kh7 22. b4 Nf6 23. b5 Raa8 24. a4 Nxg4 25. hxg4 Rf7 26. g5 Rff8 27. Qh5 Ng8 28. g4 Rad8 29. g6+ Kh8 30. g5 Rd7
31. Kg2
1-0

[Event "Mighty Mauler"]
[Site "SchemingMind.com"]
[Date "2015.11.24"]
[Round "-"]
[White "emvarela"]
[Black "echecs"]
[Result "1/2-1/2"]
[WhiteCountry "ARG"]
[BlackCountry "ENG"]
[WhiteElo "1684"]
[WhiteRD "47"]
[BlackElo "1793"]
[BlackRD "64"]
[GameID "390564"]

1. e4 e5 2. Nf3 Nc6 3. Bb5 a6 4. Bxc6 dxc6 5. O-O Bd6 6. d4 Bg4 7. c3 Ne7 8. dxe5 Bxf3 9. Qxf3 Bxe5 10. Rd1 Qc8
11. Bf4 Qe6 12. Bxe5 Qxe5 13. Nd2 O-O 14. Nc4 Qb5 15. b3 Ng6 16. Rd7 Rac8 17. Rad1 Qg5 18. Qg3 Qc5 19. Rxc7 b5 20. Rxc8 Rxc8
21. Nb2 Qa3 22. Nd3 Qxa2 23. b4 Qc4 24. Nc5 a5 25. Rd4 Qa2 26. h3 a4 27. Nb7 a3 28. Rd8+ Rxd8 29. Nxd8 Qb1+ 30. Kh2 a2
31. Qb8 h5 32. Ne6+ Kh7 33. Ng5+ Kh6 34. Nxf7+ Kh7 35. Ng5+ Kh6 36. Nf7+ Kh7 37. Ng5+ Kh6 38. Nf7+
1/2-1/2

[Event "Mighty Mauler"]
[Site "SchemingMind.com"]
[Date "2015.11.23"]
[Round "-"]
[White "echecs"]
[Black "Scooter"]
[Result "1-0"]
[WhiteCountry "ENG"]
[BlackCountry "USA"]
[WhiteElo "1903"]
[WhiteRD "67"]
[BlackElo "1717"]
[BlackRD "47"]
[GameID "390565"]

1. e4 c6 2. d4 d5 3. Nc3 dxe4 4. Nxe4 Bf5 5. Ng3 Bg6 6. Nf3 Nd7 7. h4 h6 8. h5 Bh7 9. Bd3 Bxd3 10. Qxd3 Qc7
11. Bd2 O-O-O 12. Qa3 Kb8 13. Ne2 e6 14. Qc3 Ngf6 15. Bf4 Bd6 16. Ne5 Bxe5 17. Bxe5 Nxe5 18. dxe5 Nd5 19. Qg3 Qa5+ 20. c3 Rhg8
21. a3 Qb5 22. Rb1 Ne7 23. Nd4 Qb6 24. Qf4 Rgf8 25. Qg3 Rg8 26. Qh4 Nd5 27. O-O Qc7 28. Rfe1 Ne7 29. b4 Rd5 30. Qf4 Nc8
31. c4 Rdd8 32. a4 Nb6 33. a5 Nxc4 34. Nxe6 fxe6 35. Qxc4 Rge8 36. f4 Rd5 37. a6 b6 38. Rec1 Rc8 39. Qe4 b5 40. Kh2 Qb6
41. Qg6 Qf2 42. Rf1 Qh4+ 43. Kg1 Qe7 44. Rb3 Rf8 45. g3 Qf7 46. Rc1 Qxg6 47. hxg6 Rfd8 48. Rxc6 Re8 49. Kg2 Rd7 50. Rc5 Rd5
51. Rbc3 Rxc5 52. Rxc5
1-0

[Event "Mighty Mauler"]
[Site "SchemingMind.com"]
[Date "2015.11.22"]
[Round "-"]
[White "Scooter"]
[Black "echecs"]
[Result "0-1"]
[WhiteCountry "USA"]
[BlackCountry "ENG"]
[WhiteElo "1717"]
[WhiteRD "47"]
[BlackElo "1903"]
[BlackRD "67"]
[GameID "390566"]

1. d4 d6 2. Nf3 c6 3. Bf4 Nf6 4. e3 h6 5. Be2 Nh5 6. O-O Nxf4 7. exf4 Nd7 8. Nbd2 Nf6 9. c4 a6 10. Qc2 e6
11. Rfe1 Be7 12. c5 O-O 13. b4 Nd5 14. a3 Nxf4 15. Ne4 d5 16. Qd2 Nxe2+
0-1

[Event "Mighty Mauler"]
[Site "SchemingMind.com"]
[Date "2015.11.23"]
[Round "-"]
[White "echecs"]
[Black "kenneth m day"]
[Result "1/2-1/2"]
[WhiteCountry "ENG"]
[BlackCountry "USA"]
[WhiteElo "1793"]
[WhiteRD "64"]
[BlackElo "1701"]
[BlackRD "52"]
[GameID "390567"]

1. e4 e5 2. Nf3 Nc6 3. Bc4 Bc5 4. O-O Nf6 5. Nc3 O-O 6. a3 a6 7. Be2 d6 8. d3 h6 9. Bd2 Be6 10. Qc1 Nd4
11. Bd1 Qe7 12. b4 Ba7 13. a4 c6 14. h3 Rac8 15. Nxd4 Bxd4 16. Rb1 d5 17. exd5 cxd5 18. Ne2 Ba7 19. Ng3 Qd6 20. Bxh6 e4
21. Bxg7 Qxg3 22. Bxf6 Bxh3 23. Qg5+ Qxg5 24. Bxg5 Bf5 25. dxe4 Bxe4 26. Rc1 Bd4 27. Bf3 Bxf3 28. gxf3 Rc4 29. Bd2 Rfc8 30. Kg2 Rxc2
31. Rxc2 Rxc2 32. Bf4 Bg7 33. Re1 Bc3 34. Rd1 d4 35. Bg5 Kg7 36. Kg3 f6 37. Bf4 Kf7 38. b5 Ke6 39. Rb1 d3 40. bxa6 bxa6
41. Rb6+ Kf5 42. Rxa6 Bd2 43. Bxd2 Rxd2 44. Rd6 Rd1 45. Kg2 Ke5 46. Rd8 d2 47. a5 Ra1= 48. Rxd2 Rxa5 49. Kg3 Kf5 50. Rd4 Ke5
51. Re4+ Kf5 52. Re8 Ra3 53. Re4 Rb3 54. Kg2=
1/2-1/2